000 00628nam a2200181Ia 4500
008 090124s9999 xx 000 0 und d
082 _b24561
_a2552
100 _aपाठक सरिता
245 _a अण्णांचे आध्यात्मिक अंतरंग
250 _a1
260 _c1984
300 _a66
600 _aपाठक सरिता
630 _a अण्णांचे आध्यात्मिक अंतरंग
700 _aपाठक सरिता
730 _a अण्णांचे आध्यात्मिक अंतरंग
942 _cBOOK
999 _c138117
_d138117